000 00696cam a22002413a 4500
001 11986
003 PGUSA
005 20140828083243.0
008 040401s2004||||xxu|||||s|||||000 p eng d
040 _aPGUSA
_beng
042 _adc
050 4 _aPS
245 1 4 _aThe Book of American Negro Poetry
_h[electronic resource]
260 _bProject Gutenberg,
_c2004
506 _aPublic domain in the USA.
516 _aElectronic text
653 _aAfrican Americans -- Poetry
653 _aAmerican poetry -- African American authors
700 1 _aJohnson, James Weldon,
_d1871-1938
830 0 _aProject Gutenberg
_v11986
856 4 0 _uhttp://www.gutenberg.org/ebooks/11986
942 _cEB
999 _c241241
_d241241